SAT Words HARD Click Quiz - G - Statistics

General Stats
  • This quiz has been taken 1,293 times
  • The average score is 10 of 15
Answer Stats
Hint Answer % Correct
Meaningless language; nonsense Gobbledygook
88%
Cover with a thin layer of gold Gild
81%
Gruesome, horrible Grisly
78%
Frown deeply; scowl Glower
77%
Strangle with a short length of wire or rope Garotte
76%
Tastelessly bright or showy Garish
70%
Related to mystical knowledge Gnostic
70%
Lacking social grace; awkward Gauche
63%
Showing little forethought; offhand Glib
63%
Frolic or skip playfully Gambol
60%
Overcharge, swindle Gazump
51%
Competition of equestrian games Gymkhana
51%
Cozy, comfortable, hospitable Gemütlich
47%
Faint reddish glow at night opposite the sun Gegenschein
44%
Wavering of a small flame; flickering Guttering
42%
No matching quizzes found
Score Distribution
Percent of People with Each Score
Percentile by Number Answered
Your Score History
You have not taken this quiz